01130nas a2200289Ia 4500001002800000003001000028008004100038040002500079041001200104100002000116210003100136222003100167240005800198245005800256250001100314260000900325501012300334300001400457362003400471500005100505650002600556700001100582942000700593957000600600999003300606952020100639A06/R068-16756 [r000015078]IT-MiCISF161014c99999999xx |||||||||||| ||und|| aIT-MiCISFcIT-MiCISF aINGLESE aCallahan Daniel aThe Hastings Center Report aThe Hastings Center Report aTerminating Life-sustaining Treatment of the Demented 0aTerminating Life-sustaining Treatment of the Demented a1a ed. c1995 bCISF - Centro Internazionale Studi Famiglia - Via Giotto, 36 20145 MILANO (non commercial uses only)cCopyright 2016 app. 25-31 avol. 25, n. 6, nov-dic [1995] a Tema: malattie-mentali, cura, etica, sanità€ asalute curavarticolo aAA.VV. cCR 71 a16756bSig1c251593d251593 0010406A_06_000000000000000_R06816756_R00001507871aCISFbCISFd2016-10-14l0oA06/R068-16756 [r000015078]r2016-10-14 00:00:00w2016-10-14yCRzData import 15.10.2016 / by Epidotti, Vaglietti